عرض عادي عرض مارك
  • International Conference on Environmental Toxicology

مدخل إسم مؤتمر

عدد التسجيلات المستخدمة في: 1

001 - رقم الضبط

  • حقل الضبط: 12073

003 - معرف رقم الضبط

  • حقل الضبط: OSt

005 - تاريخ ووقت أخر عملية

  • حقل الضبط: 20120427213928.0

008 - عناصر بيانات ثابتة الطول

  • حقل تحكم ثابت الطول: 120427|||a|||||| | ||| d

040 ## - مصدر الفهرسة

  • هيئة الفهرسة الأصلية: OSt
  • وكالة الكتابة: OSt

111 ## - مدخل -- اسم مؤتمر

  • اسم الملتقي او اسم السلطه كعنصر مدخل: International Conference on Environmental Toxicology
  • رقم الجزء / القسم/ الملتقي: (3rd :
  • تاريخ المؤتمر: 2010 :
  • مكان الملتقي: Cyprus)

670 ## - بيانات المصدر موجوده

  • الاستشهاد بالمصدر: Work cat.: (OSt)0: International Conference on Environmental Toxicology (3rd : 2010 : Cyprus), Environmental toxicology III /, c2010.